Fußballvereine nach angezeigten Städte auf einer Europakarte - Statistiken

Allgemein
  • Dieses Quiz wurde 84 mal gespielt
  • Das Durchschnittsergebnis liegt bei 13 aus 17
Antworten auf der Karte
Die Antworten werden auf der Karte rot bzw. grün angezeigt, abhängig davon wie oft sie richtig erraten wurden.
 
Antwortstatistiken
Fußballverein % Korrekt
Real Madrid
92%
FC Barcelona
90%
Ajax Amsterdam
86%
Benfica Lissabon
86%
Borussia Dortmund
86%
AS Rom
85%
FC/Inter Mailand
85%
Paris Saint Germain
85%
RB Leipzig
84%
Bayern München
82%
Manchester United
82%
Juventus Turin
78%
FC Liverpool
75%
FC Arsenal/FC Chelsea
73%
AS Monaco
63%
Club Brügge
48%
AC Florenz
36%
Keine übereinstimmenden Quizze gefunden
Verteilung der Resultate
Anzahl Personen mit jedem Resultat
Perzentil nach korrekt beantworteten Fragen
Ihre Resultats-Entwicklung
Sie haben dieses Quiz noch nicht gespielt